| 000 | 00488 a2200157 4500 | ||
|---|---|---|---|
| 005 | 20250603163229.0 | ||
| 020 | _a0-324-22506-7 | ||
| 082 | _aT E A LECT 330.024 McGU | ||
| 100 | _aMcGUIGAN, J . R . | ||
| 245 | _aManagerial Economics : Applications, Strategy, and Tactics | ||
| 250 | _a10th Ed., | ||
| 260 |
_aAustralia, _bThomson South- West, _c2005. |
||
| 300 |
_axxi,899p.: ill.; figure, table, _bindex, _c26cm. |
||
| 700 | _aMOYER, R . C . & HARRIS, F . H .deB | ||
| 942 |
_2ddc _cBKS |
||
| 999 |
_c3119 _d3119 |
||